A German exploration of Indian society : (Record no. 4439)

MARC details
000 -LEADER
fixed length control field 00766 a2200205 4500
010 ## - LCCN (DPL NO)
LC control number ENG-86309
020 ## - INTERNATIONAL STANDARD BOOK NUMBER
International Standard Book Number 8172148704
Terms of availability 300.00
035 ## - SYSTEM CONTROL NUMBER
System control number EN-69842
037 ## - SOURCE OF ACQUISITION
Source of stock number/acquisition DBAD / PUB
082 14 - DEWEY DECIMAL CLASSIFICATION NUMBER
Classification number 301.0954
100 1# - MAIN ENTRY--PERSONAL NAME
Personal name Ziegenbalg, Bartholomaeus
245 1# - TITLE STATEMENT
Title A German exploration of Indian society :
Remainder of title Ziegenbalg's "Malabarian Heathenism" : an annonated English translation with an introduction and a glossary/
Statement of responsibility, etc by Daniel Jeyaraj
260 ## - PUBLICATION, DISTRIBUTION, ETC. (IMPRINT)
Place of publication, distribution, etc New Delhi
Name of publisher, distributor, etc Indian Society for Promoting Christian Knowledge
Date of publication, distribution, etc 2006
300 ## - PHYSICAL DESCRIPTION
Extent xiv, 418 p.
Dimensions 24 cm. (Pbk)
500 ## - GENERAL NOTE
General note Includes bibliographical references
650 #0 - SUBJECT ADDED ENTRY--TOPICAL TERM
Topical term or geographic name as entry element Hinduism
650 #0 - SUBJECT ADDED ENTRY--TOPICAL TERM
Topical term or geographic name as entry element Tamil (Indic people)
General subdivision Religion
700 1# - ADDED ENTRY--PERSONAL NAME
Personal name Jeyaraj, Daniel.
942 ## - ADDED ENTRY ELEMENTS (KOHA)
Institution code [OBSOLETE] dpl
Item type English Books
Source of classification or shelving scheme Dewey Decimal Classification
Classification part 301.0954
Call number suffix JEY
Holdings
Withdrawn status Lost status Not for loan Collection code Home library Current library Source of acquisition Cost, normal purchase price Full call number Barcode Copy number Cost, replacement price Koha item type
    Not For Loan Non-fiction D.B.Act.Division D.B.Act.Division DBAD/PUB 300.00 301.0954 JEY EN-69842 1 300.00 English Books

© Delhi Public Library
Hit Counter
free hit counter